Diccionario de psicología para educadores
Shranjeno v:
| Main Authors: | , |
|---|---|
| Format: | Knjiga |
| Jezik: | španščina |
| Izdano: |
Barcelona
PPU
1988
|
| Serija: | Colección Psicología Para Educadores
|
| Teme: | |
| Oznake: |
Označite
Brez oznak, prvi označite!
|
MARC
| LEADER | 00000nam a2200000 a 4500 | ||
|---|---|---|---|
| 001 | UCQ5737 | ||
| 003 | CL-VaPUC | ||
| 008 | 981002e19880000SP |||||||||||||||||spa|d | ||
| 082 | 0 | 4 | |a 153.03 |b AGU |2 21 |
| 100 | 0 | |a Aguirre Baztán, Angel |e author |9 419784 | |
| 700 | 0 | |a Alvarez Aparicio, José María |e author |9 419785 | |
| 245 | 1 | 0 | |a Diccionario de psicología para educadores |
| 300 | |a 371 p | ||
| 942 | |c BK | ||
| 945 | |d 19981002 00:00:00 |a aarredon | ||
| 260 | |a Barcelona |b PPU |c 1988 | ||
| 650 | 0 | |a Psicología del aprendizaje |9 306854 | |
| 650 | 0 | |a Diccionarios |9 256200 | |
| 583 | |a last modification |c 19981002 00:00:00 |k Rodrigo Vera | ||
| 490 | 0 | |a Colección Psicología Para Educadores | |
| 999 | |c 275926 |d 275924 | ||
| 952 | |0 0 |1 0 |4 0 |6 153_030000000000000_AGU_1988 |7 0 |8 X |9 312866 |a BIBEDU |b BIBEDU |d 2019-11-20 |i 3467201 |o 153.03 AGU 1988 |p 3467201 |r 2023-01-13 |w 2019-11-20 |y BK_X |k BME | ||